000 00364nam a2200157Ia 4500
100 _aChary/S.N
250 _a3
942 _cBK
366 _f20
654 _aproduction management
245 _aProduction and Operation Management
260 _bMcGraw Hill International
_aNew Delhi
_c2004
082 _a658.15554/CHA
_bCHA
546 _aENGLISH
999 _c22410
_d22410